South Eastern Kenya University

Library Online Public Access Catalogue


Physical chemistry. (Record no. 2090)

MARC details
000 -LEADER
fixed length control field 00723cam a2200217 a 4500
020 ## - ISBN
International Standard Book Number 047121504X (acidfree paper)
020 ## - ISBN
International Standard Book Number 9780471215042 (acidfree paper)
020 ## - ISBN
International Standard Book Number 0471658979 (WIE)
020 ## - ISBN
International Standard Book Number 9780471658979 (WIE)
050 00 - LIBRARY OF CONGRESS CALL NUMBER
Classification Number QD453.3
Item Number .S54 2005
100 1# - MAIN ENTRY--Author
Personal name Silbey, Robert J.
245 10 - TITLE
Title Physical chemistry.
250 ## - EDITIONSTATEMENT
Edition statement 4th ed. /
Remainder of edition statement Robert J. Silbey, Robert A. Alberty, Moungi G. Bawendi.
260 ## - PUBLICATION, DISTRIBUTION, ETC.(IMPRINT)
Place of publication, distribution, etc Hoboken, NJ :
Name of publisher, distributor, etc Wiley,
Date of publication, distribution, etc c2005.
300 ## - PHYSICAL DESCRIPTION
Extent vii, 944 p. :
700 1# - ADDED ENTRY--PERSONAL AUTHOR
Personal Name Alberty, Robert A.
700 1# - ADDED ENTRY--PERSONAL AUTHOR
Personal Name Bawendi, Moungi Gabriel,
856 42 - URL/ELECTRONIC LOCATION AND ACCESS
Uniform Resource Identifier <a href="http://www.loc.gov/catdir/description/wiley041/2004049164.html">http://www.loc.gov/catdir/description/wiley041/2004049164.html</a>
856 41 - URL/ELECTRONIC LOCATION AND ACCESS
Uniform Resource Identifier <a href="http://www.loc.gov/catdir/toc/wiley041/2004049164.html">http://www.loc.gov/catdir/toc/wiley041/2004049164.html</a>
942 ## - ADDED ENTRY ELEMENTS(KOHA)
Koha item type General circulation
Holdings
Source of classification or shelving scheme Not for loan Location (home branch) Sublocation (holding branch) Date accessioned Cost, normal purchase price Full call number Barcode Cost, replacement price Koha item type Public note
Library of Congress Classification   Main Campus Library SEKU-BINDERY 27/08/2014 7780.41 QD453.3 .S54 2005 2017/020465 8280.00 General circulation leo
Kitui, Kenya.
+254736116989
library@seku.ac.ke